'C' Names by 3 Surnames Quiz Stats

 Plays Quiz Updated Jun 4, 2019

Score 0/20 Timer 05:00
3 Plays Today
% Correct
Christina
97.3%
Charles
97%
Calvin
96.9%
Catherine
96.5%
Chris
96.4%
Colin
96.4%
Carrie
96.3%
Christian
96.3%
Chuck
96.3%
Chelsea
93.2%
% Correct
Courtney
92.4%
Cindy
92.3%
Clark
91.8%
Carly
91.6%
Carl
89.5%
Cole
88.1%
Carol
85.5%
Casey
84.5%
Chad
81.5%
Connie
81%

You're not logged in!

Compare scores with friends on all Sporcle quizzes.
OR
Log In

Sporcle TV

Today on Sporcle TV


Watch our educational content, quiz creation guides, and fun videos on Sporcle TV.

Show Comments

Extras

Top Quizzes Today


Score Distribution

Your Account Isn't Verified!

In order to create a playlist on Sporcle, you need to verify the email address you used during registration. Go to your Sporcle Settings to finish the process.

Report this User

Report this user for behavior that violates our Community Guidelines.

Details: